[Event "Como Primavera op 9th"]
[Site "Como"]
[Date "2014.04.03"]
[Round "5"]
[White "Giaracuni, Claudio"]
[Black "Ciancio, Mario"]
[Result "1-0"]
[WhiteElo "1778"]
[BlackElo "1563"]
[PlyCount "123"]
[EventDate "2014.03.06"]
[EventType "swiss"]
[EventRounds "7"]
[EventCountry "ITA"]
[SourceTitle "EXT 2015"]
[Source "ChessBase"]
[SourceDate "2014.11.20"]
[SourceVersion "1"]
[SourceVersionDate "2014.11.20"]
[SourceQuality "1"]

1. d4 d5 2. c4 dxc4 3. Nc3 Nf6 4. e4 e6 5. Bxc4 Be7 6. Nf3 0-0 7. 0-0 c6 8. Bf4 b5 9. Bxb8 Rxb8 10. Bd3 Bb7 11. Rc1 Rc8 12. a4 b4 13. Ne2 c5 14. dxc5 Bxe4 15. Bxe4 Nxe4 16. c6 Qxd1 17. Rfxd1 Nf6 18. Ne5 Nd5 19. Nd4 Rfd8 20. Nd7 Nb6 21. Nxb6 axb6 22. c7 Rd7 23. Nb5 Rxd1+ 24. Rxd1 Kf8 25. b3 Ke8 26. Kf1 Bc5 27. g4 Ke7 28. Rd3 h6 29. h4 g6 30. Ke2 f6 31. f4 f5 32. Kf3 Ke8 33. gxf5 gxf5 34. Nd6+ Bxd6 35. Rxd6 Rxc7 36. Rxe6+ Kf7 37. Rxb6 Rc3+ 38. Ke2 Rxb3 39. Rxh6 Ra3 40. Rb6 b3 41. Kd2 b2 42. Kc2 b1Q+ 43. Kxb1 Rf3 44. h5 Rxf4 45. h6 Kg8 46. Kc2 Kh7 47. Kd3 Re4 48. a5 Re7 49. Rf6 Re5 50. a6 Ra5 51. Ke3 Kh8 52. Kf4 Kh7 53. Kg5 f4+ 54. Kxf4 Kh8 55. Ke4 Kh7 56. Kd4 Kh8 57. Kc4 Kh7 58. Kb4 Ra1 59. Kb5 Rb1+ 60. Kc6 Rc1+ 61. Kb7 Rb1+ 62. Rb6 1-0

[Event "Como Primavera op 9th"]
[Site "Como"]
[Date "2014.03.20"]
[Round "3"]
[White "Giaracuni, Claudio"]
[Black "Nastasi, Ivano"]
[Result "0-1"]
[WhiteElo "1778"]
[BlackElo "1725"]
[PlyCount "45"]
[EventDate "2014.03.06"]
[EventType "swiss"]
[EventRounds "7"]
[EventCountry "ITA"]
[SourceTitle "EXT 2015"]
[Source "ChessBase"]
[SourceDate "2014.11.20"]
[SourceVersion "1"]
[SourceVersionDate "2014.11.20"]
[SourceQuality "1"]

1. d4 Nf6 2. Nf3 d5 3. Bf4 c6 4. e3 Qb6 5. b3 e6 6. Bd3 c5 7. 0-0 cxd4 8. exd4 Nc6 9. c4 Nxd4 10. cxd5 Nxf3+ 11. gxf3 Nxd5 12. Be5 Bd6 13. Bb5+ Bd7 14. Bxd7+ Kxd7 15. Bg3 h5 16. a4 Rh6 17. Na3 Bxa3 18. Rxa3 Qb4 19. Ra2 Rg6 20. h4 Qxh4 21. Qd3 Qb4 22. Kh2 h4 23. Bf4 0-1

[Event "Como Primavera op 9th"]
[Site "Como"]
[Date "2014.03.13"]
[Round "2"]
[White "Lipari, Alberto"]
[Black "Giaracuni, Claudio"]
[Result "0-1"]
[WhiteElo "1525"]
[BlackElo "1778"]
[PlyCount "72"]
[EventDate "2014.03.06"]
[EventType "swiss"]
[EventRounds "7"]
[EventCountry "ITA"]
[SourceTitle "EXT 2015"]
[Source "ChessBase"]
[SourceDate "2014.11.20"]
[SourceVersion "1"]
[SourceVersionDate "2014.11.20"]
[SourceQuality "1"]

1. c4 g6 2. d4 Bg7 3. Nc3 e6 4. Nf3 Ne7 5. e4 0-0 6. Be2 c6 7. 0-0 d5 8. e5 f6 9. c5 Nd7 10. Bf4 b6 11. b4 a5 12. a3 fxe5 13. Bxe5 Bxe5 14. Nxe5 Nxe5 15. dxe5 Qc7 16. Qb3 bxc5 17. bxc5 Qxe5 18. Rfe1 Qd4 19. Bf3 Qxc5 20. Rac1 Qd6 21. Ne2 Bd7 22. Qc3 e5 23. Red1 Qf6 24. Qc5 Rad8 25. Ng3 Nf5 26. Nxf5 Qxf5 27. h3 h5 28. Be2 Rf6 29. f3 h4 30. Qxa5 Rdf8 31. Qc5 Qf4 32. Rb1 Qg3 33. Kf1 g5 34. Rb7 Bxh3 35. Qe7 Bxg2+ 36. Kg1 Bh3+ 0-1

[Event "Como Primavera op 7th"]
[Site "Como"]
[Date "2012.04.19"]
[Round "1"]
[White "Giaracuni, Claudio"]
[Black "Brambilla, Emilio"]
[Result "1-0"]
[WhiteElo "1823"]
[BlackElo "1464"]
[PlyCount "85"]
[EventDate "2012.04.19"]
[EventType "swiss"]
[EventRounds "7"]
[EventCountry "ITA"]
[SourceTitle "EXT 2024"]
[Source "ChessBase"]
[SourceDate "2023.10.10"]
[SourceVersion "1"]
[SourceVersionDate "2023.10.10"]
[SourceQuality "1"]

1. d4 d6 2. g3 g6 3. Bg2 Bg7 4. b3 Nf6 5. Bb2 0-0 6. Nf3 h5 7. Nbd2 c6 8. 0-0 Bd7 9. c4 Qc8 10. e4 Nh7 11. Re1 Bh6 12. e5 f5 13. exd6 exd6 14. Qc2 Na6 15. a3 d5 16. Ne5 Rf6 17. cxd5 f4 18. dxc6 bxc6 19. Nxd7 Qxd7 20. d5 Rf5 21. dxc6 Qc7 22. Qc4+ Kf8 23. Qxa6 fxg3 24. hxg3 Bxd2 25. Qb7 Rc8 26. Be5 Qxb7 27. Bd6+ Kg7 28. cxb7 Rd8 29. Re7+ Kh6 30. b8Q Rxb8 31. Bxb8 Ng5 32. f4 Nf7 33. Rd1 Ba5 34. Rdd7 Ng5 35. fxg5+ Kxg5 36. Rd5 Bb6+ 37. Kh2 Kg4 38. Bh3+ Kg5 39. Bxf5 gxf5 40. Kh3 Kf6 41. Rh7 Be3 42. Rd6+ Ke5 43. Re7# 1-0

[Event "Arco op 33rd"]
[Site "Arco"]
[Date "2011.10.26"]
[Round "5"]
[White "Giaracuni, Claudio"]
[Black "Bergen, Klaus"]
[Result "1/2-1/2"]
[WhiteElo "1830"]
[BlackElo "1954"]
[PlyCount "30"]
[EventDate "2011.10.22"]
[EventType "swiss"]
[EventRounds "9"]
[EventCountry "ITA"]
[SourceTitle "EXT 2012"]
[Source "ChessBase"]
[SourceDate "2011.11.24"]
[SourceVersion "1"]
[SourceVersionDate "2011.11.24"]
[SourceQuality "1"]

1. d4 Nf6 2. Nf3 g6 3. Bf4 Bg7 4. e3 d6 5. h3 0-0 6. c4 Nbd7 7. Nc3 Nh5 8. Bh2 e5 9. dxe5 Nxe5 10. Nxe5 Bxe5 11. Bxe5 dxe5 12. Be2 Nf6 13. 0-0 c6 14. Qxd8 Rxd8 15. Rfd1 Be6 1/2-1/2

[Event "Arco op 33rd"]
[Site "Arco"]
[Date "2011.10.22"]
[Round "1"]
[White "Zucchelli, Massimo"]
[Black "Giaracuni, Claudio"]
[Result "1-0"]
[WhiteElo "2149"]
[BlackElo "1830"]
[PlyCount "111"]
[EventDate "2011.10.22"]
[EventType "swiss"]
[EventRounds "9"]
[EventCountry "ITA"]
[SourceTitle "EXT 2012"]
[Source "ChessBase"]
[SourceDate "2011.11.24"]
[SourceVersion "1"]
[SourceVersionDate "2011.11.24"]
[SourceQuality "1"]

1. d4 d5 2. c4 c6 3. e3 Nf6 4. Nf3 Bf5 5. Nbd2 e6 6. Nh4 Bg4 7. Qb3 Qb6 8. h3 Bh5 9. g4 Bg6 10. Nxg6 hxg6 11. Bg2 Be7 12. c5 Qxb3 13. Nxb3 b6 14. cxb6 axb6 15. f3 c5 16. Bd2 Nc6 17. dxc5 bxc5 18. Ke2 c4 19. Nd4 Nxd4+ 20. exd4 Bd6 21. Bc3 0-0 22. b3 cxb3 23. axb3 Rfb8 24. Rxa8 Rxa8 25. Ra1 Rxa1 26. Bxa1 Bb4 27. Kd3 Kf8 28. Bf1 Ke7 29. Bb2 Kd6 30. Ke3 Kc6 31. Bd3 Nd7 32. f4 f5 33. g5 Nf8 34. Be2 Kb6 35. h4 Kc6 36. Kd3 Kb6 37. Kc2 Ka5 38. Kd1 Kb6 39. Bd3 Ka5 40. Be2 Kb6 41. Kc2 Bd6 42. Bc1 Ka5 43. Bd2+ Kb6 44. b4 Bc7 45. Kb3 Bd6 46. Ka4 Nd7 47. Bb5 Nf8 48. Be8 Bc7 49. b5 Ka7 50. Bb4 Bb6 51. Bxf8 Bxd4 52. Bxg6 Bf2 53. h5 d4 54. Bxg7 d3 55. h6 d2 56. Bh5 1-0

[Event "Arco op 32nd"]
[Site "Arco"]
[Date "2010.10.24"]
[Round "9"]
[White "Giaracuni, Claudio"]
[Black "Eperjesi, Laszlo"]
[Result "0-1"]
[WhiteElo "1784"]
[BlackElo "2194"]
[PlyCount "56"]
[EventDate "2010.10.16"]
[EventType "swiss"]
[EventRounds "9"]
[EventCountry "ITA"]
[SourceTitle "CBM 138 Extra"]
[Source "ChessBase"]
[SourceDate "2010.10.29"]
[SourceVersion "1"]
[SourceVersionDate "2010.10.29"]
[SourceQuality "1"]

1. d4 Nf6 2. Nf3 e6 3. Bf4 b6 4. e3 Bb7 5. Be2 Be7 6. h3 0-0 7. Nbd2 d6 8. 0-0 Nbd7 9. c3 Re8 10. Rc1 Bf8 11. Re1 e5 12. dxe5 dxe5 13. Bg5 h6 14. Bxf6 Qxf6 15. a4 a6 16. b4 Rad8 17. a5 bxa5 18. bxa5 e4 19. Nd4 c5 20. N4b3 Ne5 21. Qc2 Nd3 22. Bxd3 exd3 23. Qd1 Bd6 24. Nf3 g5 25. Kh1 h5 26. Qxd3 Bxf3 27. gxf3 Qxf3+ 28. Kg1 Bh2+ 0-1

[Event "Como Primavera op 5th"]
[Site "Como"]
[Date "2010.05.13"]
[Round "5"]
[White "Giaracuni, Claudio"]
[Black "Dal Lago, Emilio"]
[Result "1/2-1/2"]
[WhiteElo "1810"]
[BlackElo "1385"]
[PlyCount "88"]
[EventDate "2010.04.15"]
[EventType "swiss"]
[EventRounds "6"]
[EventCountry "ITA"]
[SourceTitle "EXT 2024"]
[Source "ChessBase"]
[SourceDate "2023.10.10"]
[SourceVersion "1"]
[SourceVersionDate "2023.10.10"]
[SourceQuality "1"]

1. c4 g6 2. g3 Bg7 3. Bg2 e6 4. Nc3 Ne7 5. e3 d6 6. Nge2 a6 7. d4 Nd7 8. b3 Rb8 9. a4 b6 10. Bb2 Bb7 11. Bxb7 Rxb7 12. 0-0 c5 13. Ne4 d5 14. Nd6+ Kf8 15. Nxb7 Qc7 16. Nxc5 bxc5 17. Qc2 h5 18. cxd5 Nxd5 19. dxc5 Bxb2 20. Qxb2 Rh7 21. b4 Ne5 22. Nf4 h4 23. Nxd5 exd5 24. f4 Nc4 25. Qd4 hxg3 26. Qxd5 Nxe3 27. Qd6+ Qxd6 28. cxd6 Nxf1 29. Rxf1 Rxh2 30. Rd1 Ke8 31. d7+ Kd8 32. Rd6 Rb2 33. Rxa6 Rxb4 34. Rf6 Kxd7 35. Rxf7+ Ke6 36. Ra7 Kf5 37. Rf7+ Ke4 38. Kg2 Rb3 39. a5 Ra3 40. Rf6 Rxa5 41. Kxg3 g5 42. fxg5 Rxg5+ 43. Kh4 Rf5 44. Rxf5 Kxf5 1/2-1/2

[Event "Como Primavera op 5th"]
[Site "Como"]
[Date "2010.04.15"]
[Round "1"]
[White "Bassoli, Andrea D"]
[Black "Giaracuni, Claudio"]
[Result "1-0"]
[WhiteElo "1550"]
[BlackElo "1810"]
[PlyCount "63"]
[EventDate "2010.04.15"]
[EventType "swiss"]
[EventRounds "6"]
[EventCountry "ITA"]
[SourceTitle "EXT 2024"]
[Source "ChessBase"]
[SourceDate "2023.10.10"]
[SourceVersion "1"]
[SourceVersionDate "2023.10.10"]
[SourceQuality "1"]

1. e4 c5 2. Nf3 e6 3. d4 cxd4 4. Nxd4 Nf6 5. Nc3 d6 6. Bg5 a6 7. Be2 Be7 8. 0-0 0-0 9. Kh1 b5 10. a3 Bb7 11. Bd3 Nbd7 12. f4 Rc8 13. e5 dxe5 14. fxe5 Nxe5 15. Nf3 Nxf3 16. gxf3 Nd5 17. Bxe7 Nxc3 18. Bxh7+ Kxh7 19. Qxd8 Rfxd8 20. Bxd8 Ne2 21. Rae1 Rxc2 22. Rf2 Rxb2 23. h4 Rd2 24. Ba5 Ng3+ 25. Kg1 Rd4 26. Bc3 Rxh4 27. Rh2 Nf5 28. Ree2 Bxf3 29. Rxh4+ Nxh4 30. Rh2 g5 31. Be1 Bg2 32. Bxh4 1-0

[Event "Villa Guardia Coppa d'Oro 27th"]
[Site "Villa Guardia"]
[Date "2009.11.07"]
[Round "6"]
[White "Giaracuni, Claudio"]
[Black "Zuccoli, Maurizio"]
[Result "1-0"]
[WhiteElo "1771"]
[BlackElo "1856"]
[PlyCount "51"]
[EventDate "2009.10.09"]
[EventType "swiss"]
[EventRounds "8"]
[EventCountry "ITA"]
[SourceTitle "EXT 2024"]
[Source "ChessBase"]
[SourceDate "2023.10.10"]
[SourceVersion "1"]
[SourceVersionDate "2023.10.10"]
[SourceQuality "1"]

1. d4 d5 2. Nf3 c6 3. Bf4 Nf6 4. e3 Qb6 5. b3 Bf5 6. Bd3 Bxd3 7. Qxd3 e6 8. 0-0 Nbd7 9. Ne5 Rc8 10. c4 Nxe5 11. Bxe5 dxc4 12. bxc4 Nd7 13. Bg3 c5 14. Nc3 Bd6 15. Rfb1 Qc6 16. Bxd6 Qxd6 17. Rxb7 Ne5 18. Nb5 Qd8 19. Qb3 cxd4 20. Nxa7 dxe3 21. Qb5+ Kf8 22. Qxe5 exf2+ 23. Kh1 Qd3 24. Qf4 f6 25. Nxc8 Qe2 26. Qd6+ 1-0

[Event "Arco op 31st"]
[Site "Arco"]
[Date "2009.10.20"]
[Round "4"]
[White "Wagner, Frank"]
[Black "Giaracuni, Claudio"]
[Result "1-0"]
[WhiteElo "1929"]
[BlackElo "1771"]
[PlyCount "63"]
[EventDate "2009.10.17"]
[EventType "swiss"]
[EventRounds "9"]
[EventCountry "ITA"]
[SourceTitle "EXT 2010"]
[Source "ChessBase"]
[SourceDate "2010.11.25"]
[SourceVersion "1"]
[SourceVersionDate "2010.11.25"]
[SourceQuality "1"]

1. Nf3 d5 2. g3 Nf6 3. Bg2 Bf5 4. 0-0 e6 5. d3 Bd6 6. Nbd2 c5 7. c4 Nc6 8. Re1 d4 9. a3 Qc7 10. Rb1 h6 11. Qa4 0-0 12. b4 cxb4 13. axb4 e5 14. b5 Na5 15. Ba3 Bxa3 16. Qxa3 Rad8 17. Nxe5 b6 18. Nc6 Nxc6 19. Bxc6 a5 20. Rbc1 Bc8 21. c5 bxc5 22. Qxc5 Bb7 23. b6 Qxc6 24. Qxc6 Bxc6 25. Rxc6 Nd5 26. Nc4 a4 27. b7 Nc3 28. Nd6 Rxd6 29. Rxd6 a3 30. Rc6 a2 31. Rc8 Nxe2+ 32. Kf1 1-0

[Event "Villa Guardia Coppa d'Oro 27th"]
[Site "Villa Guardia"]
[Date "2009.10.10"]
[Round "2"]
[White "Cairoli, Camillo"]
[Black "Giaracuni, Claudio"]
[Result "1-0"]
[WhiteElo "1955"]
[BlackElo "1771"]
[PlyCount "129"]
[EventDate "2009.10.09"]
[EventType "swiss"]
[EventRounds "8"]
[EventCountry "ITA"]
[SourceTitle "EXT 2024"]
[Source "ChessBase"]
[SourceDate "2023.10.10"]
[SourceVersion "1"]
[SourceVersionDate "2023.10.10"]
[SourceQuality "1"]

1. e4 e6 2. d4 d5 3. Nd2 c5 4. c3 Nc6 5. Ngf3 Nf6 6. e5 Nd7 7. Be2 Be7 8. 0-0 0-0 9. Re1 cxd4 10. cxd4 Qb6 11. Nb3 Bb4 12. Bd2 f6 13. exf6 Nxf6 14. Bd3 a5 15. Bxb4 Qxb4 16. a3 Qb6 17. Bc2 Ne4 18. Bxe4 dxe4 19. Rxe4 a4 20. Nc5 Qxb2 21. Qc1 Qxc1+ 22. Rxc1 Rd8 23. h3 Rd6 24. Kf1 b6 25. Nd3 Ba6 26. Ke2 Rad8 27. Ke3 Bxd3 28. Kxd3 e5 29. Rc4 b5 30. Rc5 b4 31. axb4 a3 32. b5 a2 33. Rc1 Nb4+ 34. Kd2 Nc2 35. Kxc2 Rc8+ 36. Kb2 Rxc1 37. Kxa2 exd4 38. Rxd4 Re6 39. Rd8+ Kf7 40. Ng5+ Ke7 41. Nxe6 Kxe6 42. Rd2 Rc5 43. Rb2 Kd7 44. Ka3 Kc7 45. b6+ Kb7 46. Ka2 g5 47. Kb1 Rc6 48. Rb5 Rxb6 49. Rxb6+ Kxb6 50. Kc2 Kc5 51. Kd3 Kd5 52. Ke3 Ke5 53. g4 Ke6 54. Ke4 Kf6 55. Kd5 Kf7 56. Ke5 Kg6 57. Ke6 Kg7 58. Kf5 h6 59. Ke6 Kg6 60. Ke7 Kg7 61. f3 Kg6 62. Kf8 h5 63. Ke7 h4 64. Ke6 Kg7 65. Kf5 1-0

[Event "Arco op 30th"]
[Site "Arco"]
[Date "2008.10.26"]
[Round "9"]
[White "Pivovarov, Michail"]
[Black "Giaracuni, Claudio"]
[Result "1-0"]
[WhiteElo "1963"]
[BlackElo "1780"]
[PlyCount "37"]
[EventDate "2008.10.18"]
[EventType "swiss"]
[EventRounds "9"]
[EventCountry "ITA"]
[SourceTitle "CBM 127 Extra"]
[Source "ChessBase"]
[SourceDate "2009.01.08"]
[SourceVersion "2"]
[SourceVersionDate "2009.01.28"]
[SourceQuality "1"]

1. e4 c5 2. b4 cxb4 3. Bb2 Nc6 4. d4 d5 5. exd5 Qxd5 6. c4 bxc3 7. Nxc3 Qd8 8. d5 Ne5 9. Nb5 Ng6 10. Rc1 Qa5+ 11. Bc3 Qd8 12. Bd2 Nf6 13. Nc7+ Qxc7 14. Rxc7 Ne5 15. Bf4 Ng6 16. Bb5+ Kd8 17. Bg3 Ne4 18. Qc1 Bf5 19. Rd7+ 1-0

[Event "Villa Guardia D Oro Cup 25th"]
[Site "Villa Guardia"]
[Date "2007.11.23"]
[Round "7"]
[White "Giaracuni, Claudio"]
[Black "Raineri, Roberto"]
[Result "1/2-1/2"]
[WhiteElo "1759"]
[BlackElo "1614"]
[PlyCount "126"]
[EventDate "2007.10.05"]
[EventType "swiss"]
[EventRounds "7"]
[EventCountry "ITA"]
[SourceTitle "EXT 2010"]
[Source "ChessBase"]
[SourceDate "2010.11.25"]
[SourceVersion "1"]
[SourceVersionDate "2010.11.25"]
[SourceQuality "1"]

1. d4 Nf6 2. Nf3 g6 3. Nc3 d5 4. Bg5 Bg7 5. e3 0-0 6. Bd3 Nc6 7. a3 Nh5 8. h3 a6 9. 0-0 Qd6 10. g4 f6 11. Bh4 g5 12. gxh5 gxh4 13. Nxh4 Bxh3 14. Nf5 Bxf5 15. Bxf5 e6 16. Bh3 Kh8 17. Kh1 Rg8 18. Rg1 Bh6 19. Qf3 f5 20. Rg2 Rxg2 21. Qxg2 Rg8 22. Qf3 Qd7 23. Rg1 Qf7 24. Rxg8+ Qxg8 25. Ne2 Qf7 26. b3 Bf8 27. a4 Bd6 28. c4 dxc4 29. bxc4 Nd8 30. d5 exd5 31. cxd5 f4 32. Nxf4 Qf6 33. Qe4 b5 34. axb5 axb5 35. Qe8+ Kg7 36. Qxb5 Bxf4 37. exf4 Qxf4 38. Qd7+ Nf7 39. Be6 Qc1+ 40. Kg2 Qg5+ 41. Bg4 Qe5 42. h6+ Kf6 43. Qe6+ Qxe6 44. Bxe6 Nxh6 45. f4 Nf7 46. Kg3 Nd6 47. Kg4 Ne8 48. f5 Ng7 49. Bc8 h5+ 50. Kh4 Nxf5+ 51. Kxh5 Ke5 52. Kg5 Ne7 53. Bb7 Nxd5 54. Kg4 c5 55. Ba6 Nb4 56. Be2 Kd4 57. Kf3 Nd3 58. Bd1 c4 59. Ke2 c3 60. Bc2 Nb2 61. Bb3 Kc5 62. Bc2 Kd4 63. Bh7 Nc4 1/2-1/2

[Event "Villa Guardia D Oro Cup 25th"]
[Site "Villa Guardia"]
[Date "2007.11.09"]
[Round "5"]
[White "Liscio, Giovanni"]
[Black "Giaracuni, Claudio"]
[Result "1-0"]
[WhiteElo "2018"]
[BlackElo "1759"]
[PlyCount "85"]
[EventDate "2007.10.05"]
[EventType "swiss"]
[EventRounds "7"]
[EventCountry "ITA"]
[SourceTitle "EXT 2010"]
[Source "ChessBase"]
[SourceDate "2010.11.25"]
[SourceVersion "1"]
[SourceVersionDate "2010.11.25"]
[SourceQuality "1"]

1. d4 d5 2. c4 e6 3. Nc3 Nf6 4. Bg5 Nbd7 5. Nf3 Be7 6. e3 c6 7. Bd3 dxc4 8. Bxc4 Nd5 9. Bxe7 Qxe7 10. 0-0 0-0 11. e4 Nxc3 12. bxc3 Nf6 13. Qe2 b5 14. Bd3 Bb7 15. Rac1 a6 16. Bb1 Rfd8 17. h4 g6 18. Ne5 c5 19. Rfd1 Rac8 20. Nf3 cxd4 21. cxd4 Rxc1 22. Rxc1 Rc8 23. Rxc8+ Bxc8 24. g3 Qb4 25. Bd3 Bb7 26. Qd2 Qxd2 27. Nxd2 Kf8 28. f3 Ke7 29. Nb3 Nd7 30. Kf2 Kd8 31. Ke3 Kc7 32. f4 h6 33. g4 Nf6 34. g5 hxg5 35. fxg5 Nd7 36. Nc5 Nxc5 37. dxc5 Kc6 38. Kd4 Bc8 39. Ke5 Kxc5 40. Kf6 Kd4 41. Kxf7 Kxd3 42. h5 Bb7 43. h6 1-0

[Event "Villa Guardia D Oro Cup 25th"]
[Site "Villa Guardia"]
[Date "2007.10.05"]
[Round "1"]
[White "Calabrese, Salvatore"]
[Black "Giaracuni, Claudio"]
[Result "0-1"]
[WhiteElo "1323"]
[BlackElo "1759"]
[PlyCount "64"]
[EventDate "2007.10.05"]
[EventType "swiss"]
[EventRounds "7"]
[EventCountry "ITA"]
[SourceTitle "EXT 2010"]
[Source "ChessBase"]
[SourceDate "2010.11.25"]
[SourceVersion "1"]
[SourceVersionDate "2010.11.25"]
[SourceQuality "1"]

1. d4 d5 2. Nc3 Bf5 3. g3 Nf6 4. Bg2 e6 5. Nf3 c5 6. Bf4 Nc6 7. Nb5 Qa5+ 8. Nc3 Ne4 9. 0-0 Nxc3 10. Bd2 Nxd1 11. Bxa5 Nxf2 12. Bc7 Nh3+ 13. Bxh3 Bxh3 14. Rfd1 cxd4 15. Nxd4 Nxd4 16. Rxd4 Bc5 17. e3 Bxd4 18. exd4 Rc8 19. Be5 Rxc2 20. Bxg7 Rg8 21. Be5 h5 22. b4 h4 23. a4 hxg3 24. Bxg3 Kd7 25. b5 f5 26. a5 f4 27. Ra3 fxg3 28. Rxg3 Rxg3+ 29. hxg3 Rg2+ 30. Kh1 Rxg3 31. b6 axb6 32. a6 bxa6 0-1